Código del Mercosur (Registro nro. 2813)
[ vista simple ]
| 000 -LEADER | |
|---|---|
| fixed length control field | 01163 a2200217 4500 |
| 001 - CONTROL NUMBER | |
| control field | 37835 |
| 005 - DATE AND TIME OF LATEST TRANSACTION | |
| control field | 20260407155645.0 |
| 008 - FIXED-LENGTH DATA ELEMENTS--GENERAL INFORMATION | |
| fixed length control field | 260407a1996 arg spa d |
| 003 - CONTROL NUMBER IDENTIFIER | |
| control field | AR-UNSa-BCEJYS |
| 040 ## - CATALOGING SOURCE | |
| Original cataloging agency | AR-UNSa-BCEJYS |
| Language of cataloging | spa |
| Transcribing agency | AR-UNSa-BCEJYS |
| 080 ## - UNIVERSAL DECIMAL CLASSIFICATION NUMBER | |
| Universal Decimal Classification number | 341.24 |
| Common auxiliary subdivision | Actos jurídicos internacionales. Acuerdos internacionales. Tratados internacionales |
| 020 ## - INTERNATIONAL STANDARD BOOK NUMBER | |
| International Standard Book Number | 950-9385-41-7 |
| 041 ## - LANGUAGE CODE | |
| Language code of text/sound track or separate title | spa |
| 100 1# - MAIN ENTRY--PERSONAL NAME | |
| Personal name | Dromi, José Roberto |
| 245 10 - TITLE STATEMENT | |
| Title | Código del Mercosur |
| Name of part/section of a work | Tratado, Protocolos, Acuerdos, Declaraciones, Decisiones, Resoluciones, Directivas, Recomendaciones |
| 264 #1 - PRODUCTION, PUBLICATION, DISTRIBUTION, MANUFACTURE, AND COPYRIGHT NOTICE | |
| Place of production, publication, distribution, manufacture | Buenos Aires : |
| Name of producer, publisher, distributor, manufacturer | Ediciones Ciudad Argentina |
| Date of production, publication, distribution, manufacture, or copyright notice | 1996 |
| 300 ## - PHYSICAL DESCRIPTION | |
| Extent | 934 p. |
| Dimensions | 24 cm. |
| 505 ## - FORMATTED CONTENTS NOTE | |
| Formatted contents note | 1. ¿Qué es el Mercosur? - 2. ¿Por qué es el Mercosur un sistema? - 3. ¿De donde viene el Mercosur? - 4. ¿En que situación se encuentra el Mercosur? - 5. ¿Hacia donde va el Mercosur? - 6. ¿Por qué su normativa compone un código? - 7. ¿Cuál es el alcance del Código del Mercosur como ordenamiento jurídico? - 8. ¿Cuál es la estructura análitica del ordenamiento jurídico del Mercosur? - 9.Normativa |
| 590 ## - LOCAL NOTE (RLIN) | |
| Local note | niveau_biblio:m niveau_hierar:0 |
| 942 ## - ADDED ENTRY ELEMENTS (KOHA) | |
| Koha item type | |
| Withdrawn status | Lost status | Damaged status | Not for loan | Home library | Current library | Shelving location | Date acquired | Total checkouts | Full call number | Barcode | Date last seen | Price effective from | Koha item type |
|---|---|---|---|---|---|---|---|---|---|---|---|---|---|
| Biblioteca Prof. Eusebio Cleto del Rey | Biblioteca Prof. Eusebio Cleto del Rey | 07/04/2026 | 341.24 D786 v.1 | L125678 | 07/04/2026 | 07/04/2026 | Libro |